000 00486nam a2200205Ia 4500
001 53211
005 20240114005336.0
007 ta
008 110103s g b000 u u
040 _aCotton College
082 _a001.64
_bPCQ
100 _aCyber, .
245 0 _aPCQ Essential Oct/2005 /
_cCyber.
_hTextual Documents
260 _bCyber Media.
653 _aCD-Computer
942 _2ddc
_cBK
999 _c53174
_d53174